Lịch sử văn minh phương Tây

Nghiên cứu lịch sử hình thành, tồn tại và phát triển của nền văn minh phương Tây từ các nền văn minh cổ đại như Hy Lạp, La Mã đến Châu Âu ngày nay. Trình bày tình hình chính trị, kinh tế, văn hoá, xã hội, sự thịnh vượng và suy vong của từng nền văn minh ở mỗi thời kỳ...

ver descrição completa

Na minha lista:
Detalhes bibliográficos
Outros Autores: Chamber, Mortime Herlihy, David Hanaualt, Barbara Wolock, Isser Rabb, Theodore K (Tác giả), Nguyễn Đức Phú Lưu Văn Hy (Dịch)
Formato: Livro
Idioma:Vietnamese
Publicado em: H. Văn hoá Thông tin 2004
Assuntos:
Tags: Adicionar Tag
Sem tags, seja o primeiro a adicionar uma tag!
Thư viện lưu trữ: Mạng thư viện Đại học Đà Nẵng
LEADER 01563nam a2200349 4500
001 000014866
003 11236
005 20120516090507.0
008 120516s2004 viesd
020 |c 390000đ 
041 0 |a vie 
082 |a 909  |b Lic 
245 0 |a Lịch sử văn minh phương Tây  |c Mortimer Chambers, Barbara Hanawalt, David Herlihy... ; Dịch: Lưu Văn Hy... ; Lê Sơn h.đ. 
260 |a H.  |b Văn hoá Thông tin  |c 2004 
300 |a 1284tr  |c 27 cm 
520 |a Nghiên cứu lịch sử hình thành, tồn tại và phát triển của nền văn minh phương Tây từ các nền văn minh cổ đại như Hy Lạp, La Mã đến Châu Âu ngày nay. Trình bày tình hình chính trị, kinh tế, văn hoá, xã hội, sự thịnh vượng và suy vong của từng nền văn minh ở mỗi thời kỳ 
653 |a Lịch sử 
653 |a Văn minh 
653 |a Châu Mỹ 
653 |a Châu Âu 
700 |a Chamber, Mortime  |a Herlihy, David  |a Hanaualt, Barbara  |a Wolock, Isser  |a Rabb, Theodore K  |e Tác giả 
700 |a Nguyễn Đức Phú  |a Lưu Văn Hy  |e Dịch 
OWN |a LSP 
AVA |a UDN50  |b LSP  |d 909 Lic  |e available  |t Error 5001 Not defined in file expand_doc_bib_avail.  |f 1  |g 0  |h N  |i 0  |k 1 
999 |a From the UDN01 
AVA |a UDN50  |b LSP  |d 909 Lic  |e available  |t Error 5001 Not defined in file expand_doc_bib_avail.  |f 1  |g 0  |h N  |i 0  |k 1 
TYP |a Monograph 
TYP |a Printed language 
980 |a Mạng thư viện Đại học Đà Nẵng